|
|
|
|
| LEADER |
00932naa a2200193 i 4500 |
| 001 |
acta61322 |
| 005 |
20260224081030.0 |
| 008 |
190912s2016 hu o 100 eng d |
| 040 |
|
|
|a SZTE Egyetemi Kiadványok Repozitórium
|b hun
|
| 041 |
|
|
|a eng
|
| 100 |
1 |
|
|a Jovanovic Vitomir
|
| 245 |
1 |
4 |
|a The development of PISA reading literacy in secondary education
|h [elektronikus dokumentum] /
|c Jovanovic Vitomir
|
| 260 |
|
|
|c 2016
|
| 300 |
|
|
|a 58
|
| 490 |
0 |
|
|a Pedagógiai Értékelési Konferencia
|v 14
|
| 695 |
|
|
|a Képességfejlesztés - olvasás - előadáskivonat, Olvasás fejlesztése - középiskola - előadáskivonat, PISA - előadáskivonat, Teljesítménymérés - tanulók - előadáskivonat, Tudásszintmérés - iskolai - előadáskivonat
|
| 700 |
0 |
1 |
|a Baucal Aleksandar
|e aut
|
| 710 |
|
|
|a Pedagógiai Értékelési Konferencia (14.) (2016) (Szeged)
|
| 856 |
4 |
0 |
|u http://acta.bibl.u-szeged.hu/61322/1/pek_2016_058.pdf
|z Dokumentum-elérés
|